[Event "1. OEsterreichische Internet Schach Meisterschaft - Vorrunde 3"]
[Site "Online - Playchess.com"]
[Date ""]
[Round "9"]
[Board "14"]
[White "Kreutzmann, Duke"]
[Black "Mostbauer, Florian"]
[Result "0-1"]
[WhiteElo "2036"]
[BlackElo "2309"]
[PlyCount "50"]
[EventDate "2020.04.17"]
[EventRounds "9"]
[EventCountry "AUT"]

1. Nf3 d5 2. g3 Nf6 3. Bg2 Bf5 4. O-O e6 5. c4 c6 6. cxd5 cxd5 7. d3 Nc6 8. Nc3 Be7
9. Qb3 Qb6 10. Qxb6 axb6 11. Nb5 O-O 12. Nh4 Bg6 13. Bd2 Rfc8 14. a3 Nd7 15. b4 Bxh4
16. gxh4 Na7 17. Nd4 Ne5 18. Rfc1 Nec6 19. Nb3 Nb5 20. a4 Nbd4 21. Nxd4 Nxd4 22.
Kf1 Nb3 23. Rxc8+ Rxc8 24. Bxd5 Nxd2+ 25. Kg2 exd5  0-1

[Event "1. OEsterreichische Internet Schach Meisterschaft - Vorrunde 3"]
[Site "Online - Playchess.com"]
[Date ""]
[Round "9"]
[Board "15"]
[White "Kuecher, Wolfgang"]
[Black "Wohlfahrt, Herbert"]
[Result "1-0"]
[WhiteElo "2117"]
[BlackElo "2285"]
[PlyCount "81"]
[EventDate "2020.04.17"]
[EventRounds "9"]
[EventCountry "AUT"]

1. g3 d5 2. Bg2 c6 3. b3 Nf6 4. Bb2 Bf5 5. Nf3 h6 6. O-O e6 7. d3 Nbd7 8. Nbd2 Be7
9. Re1 Bh7 10. e4 O-O 11. e5 Ne8 12. h3 a5 13. a4 b5 14. Nd4 Qb6 15. N2f3 bxa4 16.
Rxa4 c5 17. Ne2 Rc8 18. Bc3 Qb8 19. Rxa5 d4 20. Bb2 Nxe5 21. Nxe5 Qxe5 22. Bxd4 Qc7
23. Bc3 Nd6 24. Nf4 Nf5 25. Qd2 Nd4 26. Rea1 Bg5 27. Kh1 Bxf4 28. gxf4 Qe7 29. b4
Nc6 30. Rxc5 Nb8 31. Ra8 Bg6 32. Rxc8 Rxc8 33. Be5 Qd8 34. Qe3 Nd7 35. Rxc8 Qxc8
36. c4 f6 37. Bc3 Nf8 38. b5 Bf5 39. b6 Qa6 40. b7 Qa1+ 41. Bxa1  1-0

[Event "1. OEsterreichische Internet Schach Meisterschaft - Vorrunde 3"]
[Site "Online - Playchess.com"]
[Date ""]
[Round "9"]
[Board "16"]
[White "Mostbauer, Maximilian"]
[Black "Exler, Veronika"]
[Result "1-0"]
[WhiteElo "2217"]
[BlackElo "2155"]
[PlyCount "67"]
[EventDate "2020.04.17"]
[EventRounds "9"]
[EventCountry "AUT"]

1. d4 d5 2. Nf3 Nf6 3. g3 e6 4. Bg2 Be7 5. O-O O-O 6. b3 c5 7. Bb2 Nc6 8. Nbd2 b6
9. e3 Ba6 10. c4 Rc8 11. a3 Qc7 12. Rc1 Qb8 13. Rc2 Rfd8 14. Qa1 cxd4 15. Nxd4 Nxd4
16. Bxd4 Qd6 17. Be5 Qd7 18. Rfc1 dxc4 19. Nxc4 Bb7 20. Rd2 Bd5 21. e4 Qb5 22. exd5
Qxb3 23. d6 Rxc4 24. Rxc4 Qxc4 25. dxe7 Rxd2 26. Bxf6 Qc8 27. Qc3 Rd1+ 28. Bf1 Qd7
29. Qc7 Rxf1+ 30. Kxf1 Qd1+ 31. Kg2 Qd5+ 32. f3 Qd2+ 33. Kh3 Qh6+ 34. Bh4  1-0

[Event "1. OEsterreichische Internet Schach Meisterschaft - Vorrunde 3"]
[Site "Online - Playchess.com"]
[Date ""]
[Round "9"]
[Board "17"]
[White "Pernerstorfer, Max"]
[Black "Poecksteiner, Johann"]
[Result "0-1"]
[WhiteElo "1985"]
[BlackElo "2155"]
[PlyCount "20"]
[EventDate "2020.04.17"]
[EventRounds "9"]
[EventCountry "AUT"]

1. e4 d5 2. exd5 Qxd5 3. Nf3 Nf6 4. Be2 Nc6 5. d4 Bg4 6. O-O O-O-O 7. c4 Qh5 8. Be3
e5 9. d5 e4 10. Nd4 Nxd4  0-1

[Event "1. OEsterreichische Internet Schach Meisterschaft - Vorrunde 3"]
[Site "Online - Playchess.com"]
[Date ""]
[Round "9"]
[Board "18"]
[White "Blohberger, Felix"]
[Black "Juenger, Heinz"]
[Result "1-0"]
[WhiteElo "2448"]
[BlackElo "2165"]
[PlyCount "49"]
[EventDate "2020.04.17"]
[EventRounds "9"]
[EventCountry "AUT"]

1. e4 e5 2. Nf3 Nc6 3. Bb5 a6 4. Ba4 Nf6 5. O-O Be7 6. Re1 b5 7. Bb3 d6 8. a4 Bd7
9. c3 O-O 10. d4 exd4 11. cxd4 Na5 12. Bc2 c5 13. e5 Nd5 14. exd6 Bf6 15. dxc5 Nb4
16. Be4 Rc8 17. axb5 axb5 18. Bd2 Bxb2 19. Rxa5 Qxa5 20. Qb3 Bf6 21. Bxb4 Qa4 22.
Nbd2 Be6 23. Qxa4 bxa4 24. c6 Rb8 25. Ba3  1-0

[Event "1. OEsterreichische Internet Schach Meisterschaft - Vorrunde 3"]
[Site "Online - Playchess.com"]
[Date ""]
[Round "9"]
[Board "19"]
[White "Schneider-Zinner, Harald"]
[Black "Hofmann, Thomas"]
[Result "0-1"]
[WhiteElo "2381"]
[BlackElo "2215"]
[PlyCount "68"]
[EventDate "2020.04.17"]
[EventRounds "9"]
[EventCountry "AUT"]

1. d4 Nf6 2. g3 e6 3. Bg2 d5 4. c4 dxc4 5. Qa4+ Bd7 6. Qxc4 Bc6 7. Nf3 Bd5 8. Qc2
Be4 9. Qd1 c5 10. Nc3 Bc6 11. O-O Nbd7 12. Bg5 cxd4 13. Nxd4 Bxg2 14. Kxg2 Be7 15.
Qd2 O-O 16. Rfd1 Qb6 17. Na4 Qa6 18. b3 Ne4 19. Bxe7 Nxd2 20. Bxf8 Nxf8 21. Rxd2
e5 22. Nf5 Qe6 23. e4 g6 24. Rd6 Qe8 25. Ne3 Rd8 26. Rad1 Rxd6 27. Rxd6 Ne6 28. Nd5
Kg7 29. Ne3 Qe7 30. Rd1 Qb4 31. Nb2 Qxe4+ 32. Kg1 Nd4 33. Nbc4 b5 34. Nd6 Qc6  0-1

[Event "1. OEsterreichische Internet Schach Meisterschaft - Vorrunde 3"]
[Site "Online - Playchess.com"]
[Date ""]
[Round "9"]
[Board "20"]
[White "Leisch, Lukas"]
[Black "Brod, Manfred"]
[Result "1/2-1/2"]
[WhiteElo "2362"]
[BlackElo "2211"]
[PlyCount "30"]
[EventDate "2020.04.17"]
[EventRounds "9"]
[EventCountry "AUT"]

1. c4 c5 2. Nf3 Nc6 3. d4 cxd4 4. Nxd4 g6 5. e4 Nf6 6. Nc3 d6 7. Be2 Nxd4 8. Qxd4
Bg7 9. Be3 O-O 10. Qd2 Be6 11. O-O a6 12. f4 Qa5 13. Qd3 Rfc8 14. Nd5 Nxd5 15. cxd5
Bd7  1/2-1/2

[Event "1. OEsterreichische Internet Schach Meisterschaft - Vorrunde 3"]
[Site "Online - Playchess.com"]
[Date ""]
[Round "9"]
[Board "22"]
[White "Breneis, Lukas"]
[Black "Schloffer, Jasmin-Denise"]
[Result "1-0"]
[WhiteElo "2257"]
[BlackElo "2110"]
[PlyCount "79"]
[EventDate "2020.04.17"]
[EventRounds "9"]
[EventCountry "AUT"]

1. e4 e5 2. Nc3 Nf6 3. f4 d5 4. fxe5 Nxe4 5. d3 Nxc3 6. bxc3 d4 7. Nf3 Nc6 8. Be2
dxc3 9. d4 Be6 10. O-O Be7 11. Be3 Qd5 12. Qe1 O-O-O 13. Qxc3 Bb4 14. Qd3 Qd7 15.
c4 Na5 16. Rfc1 Bf5 17. Qd1 Rhe8 18. a3 Be7 19. d5 Be4 20. Bxa7 b6 21. d6 Qc6 22.
c5 b5 23. Nd4 Qb7 24. Bg4+ Rd7 25. Bxd7+ Kxd7 26. Qg4+ Kd8 27. dxe7+ Rxe7 28. c6
Qxa7 29. Qxe4 Nb3 30. Rd1 Nxa1 31. Rxa1 Re6 32. Qd5+ Ke8 33. Kh1 Re7 34. Nxb5 Qe3
35. Rd1 f6 36. Nxc7+ Kf8 37. Qd8+ Kf7 38. e6+ Rxe6 39. Nxe6 Qxe6 40. Qd7+  1-0

[Event "1. OEsterreichische Internet Schach Meisterschaft - Vorrunde 3"]
[Site "Online - Playchess.com"]
[Date ""]
[Round "9"]
[Board "23"]
[White "Hofer, Maximilian"]
[Black "Fuchs, Georg"]
[Result "0-1"]
[WhiteElo "2108"]
[BlackElo "2211"]
[PlyCount "84"]
[EventDate "2020.04.17"]
[EventRounds "9"]
[EventCountry "AUT"]

1. e4 e5 2. Nf3 Nc6 3. Bc4 Nf6 4. d4 exd4 5. O-O d5 6. exd5 Nxd5 7. Ng5 Be6 8. Re1
Qd7 9. Nxe6 fxe6 10. Qh5+ Kd8 11. c3 dxc3 12. Nxc3 Bb4 13. Rd1 Bxc3 14. bxc3 Nce7
15. Bg5 c6 16. Bb3 b5 17. Qf7 Kc7 18. Qxg7 Rhf8 19. Qe5+ Kb7 20. c4 Ng6 21. Qg3 bxc4
22. Bxc4 Rae8 23. Rab1+ Ka8 24. Ba6 Rb8 25. Rb3 e5 26. Rdb1 Rb6 27. Rxb6 Nxb6 28.
Qc3 Qd5 29. Be3 Rb8 30. Bd3 e4 31. Be2 Ne5 32. Qa3 Ned7 33. Ba6 c5 34. Bb5 Qe5 35.
Be2 Rc8 36. Ba6 Rd8 37. Bb5 Kb8 38. Bc6 Qd6 39. Bb5 Ne5 40. Kh1 Qd1+ 41. Bf1 Qxb1
42. Bc1 Rd1  0-1

[Event "1. OEsterreichische Internet Schach Meisterschaft - Vorrunde 3"]
[Site "Online - Playchess.com"]
[Date ""]
[Round "9"]
[Board "24"]
[White "Ofner, Maximilian"]
[Black "Maierhofer, Johann"]
[Result "1-0"]
[WhiteElo "2177"]
[BlackElo "2087"]
[PlyCount "71"]
[EventDate "2020.04.17"]
[EventRounds "9"]
[EventCountry "AUT"]

1. e4 e5 2. Nf3 Nf6 3. Nc3 Nc6 4. d4 exd4 5. Nxd4 Bb4 6. Nxc6 bxc6 7. Bd3 d5 8. exd5
cxd5 9. O-O O-O 10. Bg5 c6 11. Qf3 Be7 12. Rae1 Be6 13. h3 h6 14. Bh4 Re8 15. Ne2
Qb6 16. b3 Qb4 17. Nf4 Bd7 18. Bg3 Qa3 19. Ne2 Qxa2 20. Ra1 Qb2 21. Rfb1 Qxb1+ 22.
Rxb1 a5 23. Nd4 Bc5 24. Nf5 Be6 25. Nxh6+ Kf8 26. Ng4 Nxg4 27. hxg4 Bb4 28. Bf5 Ke7
29. Bxe6 fxe6 30. Bh4+ Kd6 31. Qf7 Bc3 32. Bg3+ Kc5 33. Qc7 Rac8 34. Bd6+ Kd4 35.
Qb6+ Ke4 36. Qe3#  1-0

[Event "1. OEsterreichische Internet Schach Meisterschaft - Vorrunde 3"]
[Site "Online - Playchess.com"]
[Date ""]
[Round "9"]
[Board "25"]
[White "Doskocil, Klaus"]
[Black "Mayrhuber, Tobias"]
[Result "1-0"]
[WhiteElo "2157"]
[BlackElo "2045"]
[PlyCount "67"]
[EventDate "2020.04.17"]
[EventRounds "9"]
[EventCountry "AUT"]

1. e4 e5 2. Nf3 Nc6 3. Bb5 a6 4. Ba4 Nf6 5. O-O b5 6. Bb3 Bc5 7. d3 h6 8. h3 d6 9.
Re1 Bb7 10. c3 O-O 11. Nbd2 Bb6 12. Nf1 Ne7 13. Ng3 Ng6 14. Be3 Bxe3 15. fxe3 d5
16. exd5 Nxd5 17. Qe2 Re8 18. Rf1 c5 19. Rae1 Nf6 20. Nh2 Qd7 21. Rxf6 gxf6 22. Qh5
c4 23. dxc4 bxc4 24. Bxc4 Bd5 25. Bxd5 Qxd5 26. Ng4 Qd2 27. Rf1 Re6 28. Nf5 Rb8 29.
Qxh6 Qxg2+ 30. Kxg2 Rxb2+ 31. Kg1 Rg2+ 32. Kxg2 Nf4+ 33. exf4 exf4 34. Qg7#  1-0

[Event "1. OEsterreichische Internet Schach Meisterschaft - Vorrunde 3"]
[Site "Online - Playchess.com"]
[Date ""]
[Round "9"]
[Board "26"]
[White "Strodl, Joachim"]
[Black "Charaus, Florian"]
[Result "1-0"]
[WhiteElo "2137"]
[BlackElo "2055"]
[PlyCount "135"]
[EventDate "2020.04.17"]
[EventRounds "9"]
[EventCountry "AUT"]

1. e4 c6 2. d4 d5 3. exd5 cxd5 4. Bd3 Nc6 5. c3 g6 6. Bf4 Bf5 7. Bxf5 gxf5 8. Nf3
Nf6 9. Nbd2 e6 10. Ne5 Be7 11. Nxc6 bxc6 12. Be5 Rg8 13. g3 Qb6 14. b4 a5 15. a3
Ne4 16. Nxe4 fxe4 17. O-O Rg6 18. Qh5 h6 19. Bf4 Bg5 20. Bxg5 Rxg5 21. Qxh6 Qd8 22.
h4 Rg6 23. Qh8+ Kd7 24. Qxd8+ Kxd8 25. Kg2 f5 26. f4 a4 27. Kf2 Kd7 28. Rg1 Rag8
29. Rac1 Kc7 30. c4 e3+ 31. Kf3 e2 32. Rce1 dxc4 33. Rxe2 Kd6 34. Re5 Rh6 35. Rg2
Rd8 36. Rc5 Kc7 37. Rxc4 Rd5 38. Rgc2 Rd6 39. b5 Kb6 40. Rxc6+ Rxc6 41. bxc6 Kc7
42. Rc4 Rh8 43. Rxa4 Kxc6 44. Ra5 Rd8 45. Ke3 Rg8 46. Kf3 Rd8 47. Ra4 Rb8 48. Kg2
Rb2+ 49. Kh3 Kd5 50. h5 Ke4 51. Kh4 Kf3 52. h6 Rh2+ 53. Kg5 Rg2 54. h7 Rxg3+ 55.
Kf6 Rh3 56. Kg7 Kxf4 57. d5+ Ke5 58. dxe6 Kxe6 59. h8=Q Rxh8 60. Kxh8 Ke5 61. Rb4
f4 62. Rb1 f3 63. a4 f2 64. a5 Kd5 65. a6 Kc6 66. a7 f1=Q 67. a8=Q+ Kc7 68. Rxf1
 1-0

[Event "1. OEsterreichische Internet Schach Meisterschaft - Vorrunde 3"]
[Site "Online - Playchess.com"]
[Date ""]
[Round "9"]
[Board "27"]
[White "Reyhani, Adel"]
[Black "Wagner, Leopold Franziskus"]
[Result "0-1"]
[WhiteElo "1918"]
[BlackElo "2168"]
[PlyCount "78"]
[EventDate "2020.04.17"]
[EventRounds "9"]
[EventCountry "AUT"]

1. e4 c5 2. Nf3 Nc6 3. d4 cxd4 4. Nxd4 Nf6 5. Nc3 e5 6. Nf3 d6 7. Bc4 Be7 8. O-O
O-O 9. h3 Be6 10. Bxe6 fxe6 11. Qe2 Qe8 12. Qc4 Qd7 13. Rd1 Rad8 14. Ng5 d5 15. exd5
exd5 16. Qb3 Nd4 17. Rxd4 exd4 18. Ne2 Bc5 19. Nf4 Rde8 20. Bd2 Kh8 21. Qd3 Ne4 22.
Nf3 Nxd2 23. Qxd2 Qf5 24. Nd3 Bb6 25. a4 a5 26. Rd1 Re7 27. Nh2 Rfe8 28. Ng4 Re2
29. Qc1 h5 30. Nh2 Rc8 31. Rd2 Rxd2 32. Qxd2 Re8 33. Nf3 Qe4 34. Qg5 Qh7 35. Nf4
Qh6 36. Ng6+ Kh7 37. Qf5 Bc7 38. Nf8+ Kg8 39. Ng6 Qc1+  0-1

[Event "1. OEsterreichische Internet Schach Meisterschaft - Vorrunde 3"]
[Site "Online - Playchess.com"]
[Date ""]
[Round "9"]
[Board "28"]
[White "Wiedermann, Daniel"]
[Black "Schroettner, Martin"]
[Result "0-1"]
[WhiteElo "2048"]
[BlackElo "1934"]
[PlyCount "92"]
[EventDate "2020.04.17"]
[EventRounds "9"]
[EventCountry "AUT"]

1. d4 c6 2. c4 d5 3. Nc3 e5 4. cxd5 cxd5 5. e3 exd4 6. exd4 Nc6 7. Nf3 Nf6 8. Be2
Be7 9. O-O O-O 10. Bf4 a6 11. Rc1 Bf5 12. Ne5 Rc8 13. Nxc6 Rxc6 14. Bf3 Qa5 15. Re1
Bb4 16. Bg5 Ne4 17. Bxe4 Bxe4 18. Bd2 Bxc3 19. bxc3 Qxa2 20. Re3 Rfc8 21. Rg3 Bg6
22. h4 h5 23. Bf4 Qb2 24. Qf3 a5 25. Qxd5 a4 26. c4 a3 27. Qa5 a2 28. Ra3 Bb1 29.
Qxh5 Rxc4 30. Rxc4 Re8 31. Rca4 Qc2 32. Ra8 Qd1+ 33. Kh2 Qxh5 34. Rxe8+ Kh7 35. g3
Qb5 36. Raa8 a1=Q 37. Rxa1 Qxe8 38. Rxb1 Qe2 39. Be3 b5 40. Rc1 Kg6 41. Rc6+ f6 42.
Rb6 Qc4 43. Kh3 b4 44. g4 b3 45. h5+ Kf7 46. Rb7+ Ke6  0-1

[Event "1. OEsterreichische Internet Schach Meisterschaft - Vorrunde 3"]
[Site "Online - Playchess.com"]
[Date ""]
[Round "9"]
[Board "30"]
[White "Neuschmied, Siegfried"]
[Black "Doujak, Gabriel Andreas"]
[Result "1-0"]
[WhiteElo "2268"]
[BlackElo "1980"]
[PlyCount "67"]
[EventDate "2020.04.17"]
[EventRounds "9"]
[EventCountry "AUT"]

1. e4 c6 2. d4 d5 3. exd5 cxd5 4. Bd3 Nc6 5. c3 Nf6 6. h3 g6 7. Nf3 Bg7 8. Bf4 O-O
9. O-O b6 10. Re1 a5 11. Qe2 e6 12. a4 Bb7 13. Na3 Qc8 14. Nb5 Ba6 15. Qe3 Bxb5 16.
Bxb5 Nh5 17. Bh6 Ne7 18. g4 Nf6 19. Ne5 Qc7 20. Bf4 Qd8 21. Kg2 Ra7 22. f3 Qc8 23.
h4 Ne8 24. h5 Nc7 25. Bd3 f6 26. hxg6 fxe5 27. gxh7+ Kh8 28. Bxe5 Nc6 29. Bxg7+ Kxg7
30. h8=Q+ Rxh8 31. Qg5+ Kf8 32. Qf6+ Kg8 33. Rh1 Rxh1 34. Rxh1  1-0

[Event "1. OEsterreichische Internet Schach Meisterschaft - Vorrunde 3"]
[Site "Online - Playchess.com"]
[Date ""]
[Round "9"]
[Board "31"]
[White "Hofstadler, Mario"]
[Black "Hiermann, Dietmar"]
[Result "1/2-1/2"]
[WhiteElo "1867"]
[BlackElo "2250"]
[PlyCount "150"]
[EventDate "2020.04.17"]
[EventRounds "9"]
[EventCountry "AUT"]

1. d4 d5 2. Bg5 h6 3. Bh4 g5 4. Bg3 Bg7 5. e3 Bf5 6. Nf3 c6 7. c4 e6 8. Nc3 Nd7 9.
Be2 Ne7 10. O-O Bg6 11. b4 a6 12. Qb3 O-O 13. a4 Nf5 14. b5 Nxg3 15. hxg3 dxc4 16.
Bxc4 axb5 17. axb5 c5 18. Rxa8 Qxa8 19. Rd1 cxd4 20. Nxd4 Nc5 21. Qb4 b6 22. Nce2
Rd8 23. Nc3 Kh7 24. Kh2 e5 25. Nc6 Rxd1 26. Nxd1 Qa1 27. Qd2 Bf6 28. Nc3 Kg7 29.
Nd5 Ne4 30. Qe2 Nc3 31. Qd2 Nxd5 32. Bxd5 e4 33. Nd4 Bxd4 34. exd4 Qa4 35. Bc6 Qa3
36. d5 Qd6 37. Qd4+ Kh7 38. Qe3 Qc7 39. Qd2 Qd6 40. Qa2 h5 41. Qa7 h4 42. Qd7 Qe5
43. Qg4 e3 44. fxe3 Kg7 45. Qf3 Be4 46. Qf2 Bxd5 47. Bxd5 hxg3+ 48. Qxg3 Qxd5 49.
Qf2 Qxb5 50. Qf3 Qe5+ 51. Kg1 b5 52. Qe2 b4 53. Qd3 Qc3 54. Qf5 Qf6 55. Qb5 Qe7 56.
Kf2 f6 57. Kf3 Qd6 58. g4 Qd1+ 59. Kg3 Qe1+ 60. Kf3 Qc3 61. Qd7+ Kh6 62. Qf7 Qc6+
63. Kg3 Qd6+ 64. Kf3 Qb6 65. Qg8 Qb7+ 66. Kf2 b3 67. Qh8+ Kg6 68. Qg8+ Qg7 69. Qxb3
Qc7 70. Qd3+ Kg7 71. Qe2 Qh2+ 72. Kf3 Kf8 73. Ke4 Ke7 74. Qf3 Qe5+ 75. Kd3 Kd6  1/2-1/2

[Event "1. OEsterreichische Internet Schach Meisterschaft - Vorrunde 3"]
[Site "Online - Playchess.com"]
[Date ""]
[Round "9"]
[Board "32"]
[White "Steiner, Adam"]
[Black "Ragger, Anna-Christina"]
[Result "1-0"]
[WhiteElo "2251"]
[BlackElo "2204"]
[PlyCount "85"]
[EventDate "2020.04.17"]
[EventRounds "9"]
[EventCountry "AUT"]

1. d4 d5 2. Bf4 Nf6 3. e3 c5 4. c3 Nc6 5. Nd2 cxd4 6. exd4 Bg4 7. Ngf3 e6 8. Qb3
Qc8 9. Ne5 Bh5 10. Bb5 Be7 11. Qa4 O-O 12. Nxc6 bxc6 13. Bxc6 Rb8 14. Bxb8 Qxb8 15.
Qc2 Qb6 16. Ba4 Rc8 17. O-O Bg6 18. Qc1 h6 19. Nf3 Ne4 20. Bc2 Bd6 21. Re1 Qd8 22.
Qd1 Rb8 23. Rb1 Qa5 24. a3 Qd8 25. Qe2 Qf6 26. Bd3 Kh8 27. c4 dxc4 28. Bxe4 Bh5 29.
Qxc4 Qf4 30. g3 Qf6 31. Qd3 a5 32. Ne5 a4 33. Kg2 Rb3 34. Qc4 g6 35. Qxa4 Rb8 36.
Qd7 Bxe5 37. dxe5 Qg7 38. Qd6 Rb3 39. a4 g5 40. a5 Qg8 41. a6 Bg6 42. Bxg6 Qxg6 43.
Qc6  1-0

[Event "1. OEsterreichische Internet Schach Meisterschaft - Vorrunde 3"]
[Site "Online - Playchess.com"]
[Date ""]
[Round "9"]
[Board "33"]
[White "Kravanja, Georg"]
[Black "Katter, Katharina"]
[Result "1/2-1/2"]
[WhiteElo "2199"]
[BlackElo "1930"]
[PlyCount "112"]
[EventDate "2020.04.17"]
[EventRounds "9"]
[EventCountry "AUT"]

1. d4 Nf6 2. c4 g6 3. g3 Bg7 4. Bg2 d6 5. Nc3 O-O 6. Nf3 c6 7. O-O Nbd7 8. e4 e5
9. h3 a5 10. Be3 Nb8 11. d5 cxd5 12. cxd5 Na6 13. Nd2 Bd7 14. Nc4 Ne8 15. Nb6 Rb8
16. a3 f5 17. Nxd7 Qxd7 18. exf5 gxf5 19. Bb6 Nf6 20. Qd3 e4 21. Qd2 Qf7 22. Rad1
Nd7 23. Bd4 Ne5 24. Nb5 Rbd8 25. Qxa5 Qh5 26. h4 Qg4 27. Kh2 Nf3+ 28. Bxf3 exf3 29.
Bxg7 Kxg7 30. Qd2 f4 31. Qd4+ Kh6 32. Rg1 fxg3+ 33. Rxg3 Qxd4 34. Rxd4 Rf5 35. Rd3
Rdf8 36. Nxd6 R5f6 37. Ne4 Rf4 38. Nd2 Rxh4+ 39. Rh3 Rxh3+ 40. Kxh3 Kg5 41. Rxf3
Rxf3+ 42. Nxf3+ Kf4 43. Kg2 h5 44. d6 Nc5 45. b4 Nd7 46. a4 Ke4 47. a5 Kd5 48. b5
Kxd6 49. a6 bxa6 50. bxa6 Kc6 51. Kg3 Kb6 52. Kh4 Kxa6 53. Kxh5 Nf6+ 54. Kh4 Ne4
55. Nd4 Nxf2 56. Nb5 Kxb5  1/2-1/2

[Event "1. OEsterreichische Internet Schach Meisterschaft - Vorrunde 3"]
[Site "Online - Playchess.com"]
[Date ""]
[Round "9"]
[Board "34"]
[White "Bachler, Reinhard"]
[Black "Nisavic, Uros"]
[Result "1-0"]
[WhiteElo "2143"]
[BlackElo "2073"]
[PlyCount "93"]
[EventDate "2020.04.17"]
[EventRounds "9"]
[EventCountry "AUT"]

1. f4 d5 2. Nf3 c5 3. e3 Nc6 4. Bb5 Bd7 5. Bxc6 Bxc6 6. Ne5 Nf6 7. Nxc6 bxc6 8. O-O
e6 9. b3 Bd6 10. Bb2 O-O 11. Qf3 Re8 12. d3 e5 13. Nd2 e4 14. Qg3 exd3 15. cxd3 Bc7
16. Rf3 Bb6 17. Kh1 Ba5 18. Nf1 d4 19. e4 h6 20. Rc1 Qe7 21. Rf2 Kh8 22. Rfc2 Bb6
23. Ba3 Nd7 24. Nd2 Qf6 25. Qf3 g5 26. fxg5 Qxf3 27. Nxf3 hxg5 28. Nxg5 Kg7 29. Nf3
Rh8 30. g3 f6 31. Kg2 Kf7 32. Re1 Ke6 33. Nh4 Ne5 34. Rd1 Rag8 35. Kh1 Ng4 36. Nf5
Rxh2+ 37. Rxh2 Nxh2 38. Kxh2 Rh8+ 39. Kg2 a5 40. Rc1 a4 41. Bxc5 Bxc5 42. Rxc5 axb3
43. axb3 Rb8 44. Nxd4+ Kd6 45. Rxc6+ Ke5 46. Rc4 Rd8 47. Nc6+  1-0

[Event "1. OEsterreichische Internet Schach Meisterschaft - Vorrunde 3"]
[Site "Online - Playchess.com"]
[Date ""]
[Round "9"]
[Board "36"]
[White "Nolz, Tom"]
[Black "Auinger, Marcel"]
[Result "1-0"]
[WhiteElo "2157"]
[BlackElo "1808"]
[PlyCount "141"]
[EventDate "2020.04.17"]
[EventRounds "9"]
[EventCountry "AUT"]

1. Nf3 g6 2. e4 Bg7 3. h4 e6 4. h5 d5 5. e5 c5 6. Bb5+ Bd7 7. a4 Bxb5 8. axb5 Nd7
9. d4 cxd4 10. h6 Bf8 11. Qxd4 Bc5 12. Qa4 Nb6 13. Qg4 Qd7 14. Bg5 Qxb5 15. Nbd2
Ne7 16. Bf6 Rg8 17. b3 a6 18. c4 Qc6 19. O-O O-O-O 20. b4 Bxb4 21. c5 Bxc5 22. Rfc1
Rd7 23. Ra5 Bxf2+ 24. Kxf2 Qxc1 25. Qb4 Nc4 26. Nxc4 dxc4 27. Bxe7 Qc2+ 28. Kg3 Kb8
29. Bd6+ Ka8 30. Rc5 Qb3 31. Qxc4 Qxc4 32. Rxc4 f6 33. Kf4 fxe5+ 34. Kxe5 Rgd8 35.
Rd4 Re8 36. Ng5 b5 37. Nxe6 Kb7 38. Kd5 Kb6 39. g4 Red8 40. Ke5 Re8 41. Kf6 a5 42.
Bc5+ Kc6 43. Rxd7 Kxd7 44. Ng7 Re1 45. g5 Kc6 46. Bf8 b4 47. Ne6 b3 48. Nd4+ Kd5
49. Nxb3 a4 50. Nd2 Re2 51. Nb1 Rb2 52. Nc3+ Kc4 53. Nxa4 Ra2 54. Nb6+ Kb5 55. Nd7
Ra6+ 56. Kg7 Ra7 57. Kxh7 Rxd7+ 58. Kxg6 Kc6 59. h7 Kd5 60. h8=Q Rd6+ 61. Kf5 Ra6
62. Qe5+ Kc4 63. Qe2+ Kd5 64. Qxa6 Kd4 65. Bg7+ Kd5 66. Qb5+ Kd6 67. Be5+ Ke7 68.
g6 Kd8 69. Qb7 Ke8 70. g7 Kd8 71. g8=Q#  1-0

[Event "1. OEsterreichische Internet Schach Meisterschaft - Vorrunde 3"]
[Site "Online - Playchess.com"]
[Date ""]
[Round "9"]
[Board "37"]
[White "Teuschler, Hugo"]
[Black "Weichhart, Daniel"]
[Result "1-0"]
[WhiteElo "2055"]
[BlackElo "1648"]
[PlyCount "92"]
[EventDate "2020.04.17"]
[EventRounds "9"]
[EventCountry "AUT"]

1. e4 e5 2. Nf3 Nf6 3. Nxe5 d6 4. Nf3 Nxe4 5. d4 d5 6. Bd3 Bd6 7. O-O O-O 8. c4 c6
9. Nc3 Re8 10. h3 Bf5 11. Re1 Nxc3 12. bxc3 Rxe1+ 13. Nxe1 Bxd3 14. Qxd3 dxc4 15.
Qxc4 Nd7 16. Be3 Nb6 17. Qd3 Nd5 18. Bd2 Qf6 19. Nf3 Re8 20. Re1 Rxe1+ 21. Bxe1 h6
22. c4 Nf4 23. Qe4 Qg6 24. Qxg6 fxg6 25. Kf1 Kf7 26. Bd2 Ke6 27. Bxf4 Bxf4 28. Ke2
g5 29. Kd3 Kf5 30. g4+ Ke6 31. Ke4 a5 32. a4 g6 33. Ne1 Bd2 34. Nd3 b5 35. cxb5 cxb5
36. axb5 a4 37. Nc5+ Kd6 38. Nxa4 Ba5 39. Nc5 Bb6 40. Nd3 Ba7 41. Ne5 Kc7 42. Kd5
Kb6 43. Kc4 Bb8 44. Nxg6 Bd6 45. Nh8 Bh2 46. Nf7 Bc7  1-0

[Event "1. OEsterreichische Internet Schach Meisterschaft - Vorrunde 3"]
[Site "Online - Playchess.com"]
[Date ""]
[Round "9"]
[Board "38"]
[White "Wimmer, Kevin"]
[Black "Ehs, Dominik"]
[Result "0-1"]
[WhiteElo "1944"]
[BlackElo "2070"]
[PlyCount "74"]
[EventDate "2020.04.17"]
[EventRounds "9"]
[EventCountry "AUT"]

1. e4 c5 2. Nf3 e6 3. b3 b6 4. Bb2 Bb7 5. Bd3 Nf6 6. Qe2 d6 7. O-O Be7 8. c3 Nbd7
9. Bc2 Ne5 10. d3 Qc7 11. Nbd2 O-O-O 12. d4 Nxf3+ 13. Nxf3 d5 14. dxc5 Bxc5 15. e5
Ne4 16. Bd3 g5 17. b4 Be7 18. Rfc1 Kb8 19. c4 Qd7 20. a3 g4 21. Ne1 Bg5 22. Rc2 h5
23. c5 Bc6 24. cxb6 axb6 25. Bd4 Ba4 26. Rb2 b5 27. Nc2 Rc8 28. Ne3 Bxe3 29. Qxe3
h4 30. Bxe4 dxe4 31. Rc1 Rxc1+ 32. Qxc1 Qxd4 33. Rd2 Qc4 34. Qe1 Rc8 35. h3 g3 36.
fxg3 hxg3 37. Qe3 Qc1+  0-1

[Event "1. OEsterreichische Internet Schach Meisterschaft - Vorrunde 3"]
[Site "Online - Playchess.com"]
[Date ""]
[Round "9"]
[Board "39"]
[White "Moritz, Christian"]
[Black "Schroettner, Tobias Julian"]
[Result "1/2-1/2"]
[WhiteElo "2077"]
[BlackElo "1503"]
[PlyCount "141"]
[EventDate "2020.04.17"]
[EventRounds "9"]
[EventCountry "AUT"]

1. d4 Nf6 2. Nf3 g6 3. c4 Bg7 4. Nc3 d6 5. e4 O-O 6. Be2 Nc6 7. O-O e5 8. d5 Ne7
9. Ne1 Ne8 10. f3 f5 11. g4 fxg4 12. fxg4 Rxf1+ 13. Kxf1 Nf6 14. Nd3 Qf8 15. Kg2
h6 16. h4 Bd7 17. Be3 Qc8 18. Nf2 b6 19. Kg3 Qf8 20. b4 Qf7 21. c5 bxc5 22. bxc5
Rb8 23. Rb1 Qe8 24. c6 Rxb1 25. Qxb1 Nxc6 26. dxc6 Bxc6 27. Bb5 Qa8 28. Qb3+ Kh7
29. Qc4 Bb7 30. Qxc7 Nxe4+ 31. Ncxe4 Bxe4 32. Nxe4 Qxe4 33. Bxa7 Qf4+ 34. Kh3 Qf3+
35. Kh2 Qf4+ 36. Kh1 Qf3+ 37. Kg1 Qxg4+ 38. Kf1 Qf4+ 39. Ke2 Qe4+ 40. Kf2 Qxh4+ 41.
Ke2 Qh2+ 42. Kd3 Qxa2 43. Bc4 Qb1+ 44. Kd2 Qb2+ 45. Kd1 Qa1+ 46. Kc2 Qa4+ 47. Kc3
e4+ 48. Kd2 Qb4+ 49. Ke3 Qc3+ 50. Kxe4 Qe5+ 51. Kf3 Qf5+ 52. Ke3 Qe5+ 53. Kf3 Qf5+
54. Ke2 Qe4+ 55. Be3 Qc2+ 56. Kf3 Qf5+ 57. Kg2 Qg4+ 58. Kf2 Qh4+ 59. Ke2 Qg4+ 60.
Kd3 Qf5+ 61. Kd2 h5 62. Qf7 Qxf7 63. Bxf7 Be5 64. Bg5 Kg7 65. Be6 Bg3 66. Kd3 Be5
67. Ke4 Bh2 68. Kf3 Be5 69. Ke4 Ba1 70. Kf3 Be5 71. Ke4  1/2-1/2